000
00322nam a22001337a 4500
008
171016b xxu||||| |||| 00| 0 eng d
020
_a
9780132968508
041
_a
eng
080
_2
12TH
_a
331.101.262
100
_a
52
101
_a
BNJ
245
_a
ESSENTIALS OF ORGANIZATIONAL BEHAVIOR
_c
ROBBINS,S.P
942
_2
udc
_c
BK
999
_c
34208
_d
34208